Polska 1:1 Portugalia k. 3:5 1/4 finału EURO 2016 XI - Statystyki

Ogólne statystyki
  • Ten quiz został rozwiązany 236 razy
  • Średni wynik to 19 z 29
Statystyki odpowiedzi
POL/POR # piłkarz % Poprawnych
POL B 22 Łukasz Fabiański
99%
N (c) 9 Robert Lewandowski
98%
ŚO 15 Kamil Glik
97%
N 7 Arkadiusz Milik
96%
selekcjoner - Adam Nawałka
94%
ŚP 10 Grzegorz Krychowiak
94%
N (c) 7 Cristiano Ronaldo
93%
LP 11 Kamil Grosicki
93%
PO 20 Łukasz Piszczek
93%
ŚO 2 Michał Pazdan
92%
PP 16 Jakub Błaszczykowski
91%
ŚO 3 Pepe
85%
LO 3 Artur Jędrzejczyk
75%
POR B 1 Rui Patricio
75%
ŚP 5 Krzysztof Mączyński
71%
ŚP 16 Renato Sanches
67%
N 17 Nani
64%
2 zmiana 80' 20 Ricardo Quaresma
54%
1 zmiana 82' 21 Bartosz Kapustka
48%
selekcjoner -- Fernando Santos
47%
LP 23 Adrien Silva
42%
2 zmiana 98' 6 Tomasz Jodłowiec
42%
1 zmiana 73' 8 Joao Moutinho
38%
ŚP 14 William Carvalho
36%
ŚO 4 Jose Fonte
35%
PO 21 Cedric
30%
PP 10 Joao Mario
19%
LO 19 Eliseu
11%
3 zmiana 96' 13 Danilo
8%
Nie znaleziono quizów pasujących do podanych kryteriów
Rozkład punktacji
Procent ludzi z każdym wynikiem
Percentyl według liczby udzielonych odpowiedzi
Twoja historia wyników
Nie rozwiązałeś tego quizu